| Tag |
First Indicator |
Second Indicator |
Subfields |
| LEADER |
00000cam a2200000 a 4500 |
| 001 |
in00002785538 |
| 005 |
20150922151408.0 |
| 008 |
110926s2012 nyua b 001 0 eng |
| 010 |
|
|
|a 2011038997
|
| 016 |
7 |
|
|a 016101724
|2 Uk
|
| 020 |
|
|
|a 9781441176585 (hardcover : alk. paper)
|
| 020 |
|
|
|a 1441176586 (hardcover : alk. paper)
|
| 035 |
|
|
|a (OCoLC)ocn731924001
|
| 040 |
|
|
|a DLC
|b eng
|c DLC
|d YDX
|d BTCTA
|d YDXCP
|d ERASA
|d BDX
|d BWX
|d YNK
|d CDX
|d UKMGB
|d OCLCO
|d UtOrBLW
|
| 042 |
|
|
|a pcc
|
| 043 |
|
|
|a n-us---
|
| 049 |
|
|
|a TXAM
|
| 050 |
0 |
0 |
|a PN1995.9.Y6
|b B75 2012
|
| 082 |
0 |
0 |
|a 791.43/65235
|2 23
|
| 100 |
1 |
|
|a Brickman, Barbara Jane.
|
| 245 |
1 |
0 |
|a New American teenagers :
|b the lost generation of youth in 1970s film /
|c Barbara Jane Brickman.
|
| 264 |
|
1 |
|a New York, NY :
|b Continuum International Pub. Group Inc,
|c [2012]
|
| 264 |
|
4 |
|c ©2012
|
| 300 |
|
|
|a ix, 263 pages :
|b illustrations ;
|c 24 cm.
|
| 336 |
|
|
|a text
|b txt
|2 rdacontent
|
| 337 |
|
|
|a unmediated
|b n
|2 rdamedia
|
| 338 |
|
|
|a volume
|b nc
|2 rdacarrier
|
| 504 |
|
|
|a Includes bibliographical references ( pages [247]-257) and index.
|
| 505 |
0 |
|
|a Introduction -- The rock 'n' roll high school picture show: a genre deconstructed -- Coming of age in the 70s: revision, fantasy and rage in the teen-girl badlands -- The queer kid and women's lib -- Bad news Jodie, or how the Disney family got freaky -- Brothers, sisters, and chainsaws: sibling rivalry and peer centrality in the teen slasher film -- Epilogue.
|
| 650 |
|
0 |
|a Teen films
|z United States
|x History
|y 20th century.
|
| 650 |
|
0 |
|a Teenagers in motion pictures.
|
| 948 |
|
|
|a cataloged
|b h
|c 2012/12/3
|d c
|e ceaton
|f 12:34:40 pm
|
| 994 |
|
|
|a C0
|b TXA
|
| 999 |
|
|
|a MARS
|
| 999 |
f |
f |
|s 925be4e8-ad59-3060-832a-457454478639
|i 878e3bdd-0129-3996-9a8a-674ffcc18ac8
|t 0
|
| 952 |
f |
f |
|p ric
|a Texas A&M University
|b Rellis Campus
|c Joint Library Facility
|d Remote Storage
|t 0
|e PN1995.9.Y6 B75 2012
|h Library of Congress classification
|i unmediated -- volume
|m A14841622541
|
| 998 |
f |
f |
|a PN1995.9.Y6 B75 2012
|t 0
|l Remote Storage
|